000 00601nam a2200229Ia 4500
008 160901s9999 xx 000 0 und d
020 _a978-0-470-47115-3
050 _aComSc QA 76.9
050 _b.A25G65 2011
100 _aGollmann, Dieter.
245 _aComputer security /
245 _cDieter Gollmann.
250 _a3rd Edition
260 _aGreat Britain :
260 _bJohn Wiley & Sons, Ltd.,
260 _c2011
300 _a436 pages :
300 _bill. ;
300 _c24 cm.
500 _aIncludes bibliographical references and index.
650 _aComputer security.
999 _c300941
_d300941